Ukončenie niektorých exekúcií od 1.januára 2020

Od 1.januára 2020 nadobudol účinnosť zákon č. 233/2019 Z.z. o ukončení niektorých exekučných konaní a o zmene a doplnení niektorých zákonov. Podstata a zmysel zákona č. 233/2019 Z.z. Staré exekúcie, ktoré sa týmto zákonom zastavia. V koho réžií bude zastavovanie starých exekúcií.

Gespeichert in:
Bibliographische Detailangaben
1. Verfasser: Horváth, Edmund
Format: Buchkapitel
Sprache:Slowakisch
Schlagworte:
Tags: Tag hinzufügen
Keine Tags, Fügen Sie das erste Tag hinzu!

MARC

LEADER 00000naa a2200000 4500
001 0263914
005 20200605122210.1
041 0 |a slo 
044 |a SK 
245 1 0 |a Ukončenie niektorých exekúcií od 1.januára 2020  |c Edmund Horváth 
520 |a Od 1.januára 2020 nadobudol účinnosť zákon č. 233/2019 Z.z. o ukončení niektorých exekučných konaní a o zmene a doplnení niektorých zákonov. Podstata a zmysel zákona č. 233/2019 Z.z. Staré exekúcie, ktoré sa týmto zákonom zastavia. V koho réžií bude zastavovanie starých exekúcií. 
610 2 0 |a exekútori 
610 2 0 |a exekúcia 
610 2 0 |a pohľadávky 
610 2 0 |a novelizácia 
610 2 0 |a zákony 
610 2 0 |a konkurzy 
610 2 0 |a súdy 
100 1 |a Horváth, Edmund